[Event "Tourn. n9813"]
[Site "www.echecsemail.com"]
[Date "2018.06.13"]
[Round "1"]
[White "Prize64"]
[Black "Tonino1"]
[WhiteElo "2060"]
[BlackElo "1950"]
[Result "0-1"]
[Round "1"]
1.Ng1f3 d6
2.d4 Ng8f6
3.g3 c6
4.Bf1g2 g6
5.O-O Bf8g7
6.b3 O-O
7.Bc1b2 Qd8c7
8.c4 Nb8d7
9.Nb1c3 e5
10.e4 Nf6e8
11.dxe5 dxe5
12.Qd1e2 f5
13.Nf3g5 Nd7c5
14.Bb2a3 Qc7a5
15.Ba3b2 f4
16.Ng5f3 Bg7f6
17.Ra1c1 Ne8g7
18.Qe2c2 Bc8e6
19.a3 Qa5c7
20.b4 Nc5d7
21.Rf1d1 Nd7b6
22.c5 Nb6c4
23.Qc2e2 Nc4xb2
24.Qe2xb2 Ra8d8
25.Rd1xd8 Rf8xd8
 { time }
0-1

[Event "Tourn. n9827"]
[Site "www.echecsemail.com"]
[Date "2018.06.13"]
[Round "1"]
[White "Fegatux"]
[Black "Juheset"]
[WhiteElo "2290"]
[BlackElo "1980"]
[Result "1-0"]
[Round "1"]
1.d4 e5
2.dxe5 f6
3.exf6 Qd8xf6
4.Nb1c3 Bf8c5
5.Ng1f3 b6
6.Bc1g5 Qf6g6
7.e4 Bc8b7
8.Bf1d3 Ng8e7
9.O-O h6
10.Bg5h4 O-O
11.Nf3e5 Qg6d6
12.Qd1h5 Nb8c6
13.Bd3c4 Kh7
14.Ra1d1 Qd6xe5
15.Qh5g4 Bc5d6
16.Bh4g3 Qe5c5
17.Bg3xd6 cxd6
18.Bc4d5  { time }
1-0

[Event "Match"]
[Site "www.echecsemail.com"]
[Date "2018.06.13"]
[Round "1"]
[White "Juheset"]
[Black "Cal"]
[WhiteElo "1970"]
[BlackElo "1690"]
[Result "0-1"]
[Round "1"]
1.e4 e5
2.Ng1f3 d6
3.Bf1c4 h6
4.d4 exd4
5.Qd1xd4 Ng8f6
6.O-O Bc8e6
7.Bc4xe6 fxe6
8.b3 Nb8c6
 { time }
0-1

[Event "Tourn. n9840"]
[Site "www.echecsemail.com"]
[Date "2018.06.13"]
[Round "1"]
[White "Bojan"]
[Black "Prize64"]
[WhiteElo "2010"]
[BlackElo "2180"]
[Result "1-0"]
[Round "1"]
1.b4 a5
2.b5 b6
3.a4 Bc8b7
4.Bc1a3 Ng8f6
5.f3 d5
6.e3 g6
7.d4 Bf8g7
8.c4 O-O
9.c5 c6
10.Nb1c3 bxc5
11.Ba3xc5 Nf6d7
12.Bc5a3 cxb5
13.axb5  { time }
1-0

[Event "Match"]
[Site "www.echecsemail.com"]
[Date "2018.06.13"]
[Round "1"]
[White "Pwain"]
[Black "Juheset"]
[WhiteElo "2550"]
[BlackElo "1809"]
[Result "1-0"]
[Round "1"]
1.e4 e6
2.Ng1f3 b6
3.d4 d5
4.exd5 exd5
5.Bf1d3 Ng8f6
6.O-O Bc8e6
7.Nb1c3 Bf8d6
8.Nf3g5 O-O
9.Ng5xe6 fxe6
10.Qd1e2 Rf8e8
11.Rf1e1 Qd8e7
12.Bc1g5  { time }
1-0

[Event "Tourn. n9801"]
[Site "www.echecsemail.com"]
[Date "2018.06.13"]
[Round "1"]
[White "Tonino1"]
[Black "Osopanda"]
[WhiteElo "1950"]
[BlackElo "1860"]
[Result "1-0"]
[Round "1"]
1.d4 d5
2.f4 c5
3.e3 Nb8c6
4.c3 f6
5.Bf1d3 cxd4
6.exd4 e5
7.fxe5 fxe5
8.dxe5 Nc6xe5
9.Qd1h5 Ne5f7
10.Bd3b5 Bc8d7
11.Qh5xd5 Ng8f6
12.Qd5xb7 Qd8e7
13.Ng1e2 Ra8d8
14.Bb5xd7 Qe7xd7
15.Qb7xd7 Rd8xd7
16.O-O Bf8c5
17.Kh1 O-O
18.b4 Bc5b6
19.Nb1d2 Nf6d5
20.Nd2c4 Bb6c7
21.Bc1b2 Nf7e5
22.Rf1xf8 Kxf8
23.Ra1f1 Nd5f6
24.Nc4xe5 Bc7xe5
25.Ne2d4 Ke8
26.Rf1e1 Rd7e7
27.Nd4c6 Re7e6
28.Re1xe5 Re6xe5
{ time. }
1-0

[Event "Tourn. n9847"]
[Site "www.echecsemail.com"]
[Date "2018.06.13"]
[Round "1"]
[White "Bojan"]
[Black "Juheset"]
[WhiteElo "2010"]
[BlackElo "1990"]
[Result "1-0"]
[Round "1"]
1.e4 c5
2.b3 e5
3.Ng1f3 Nb8c6
4.Bc1b2 f6
5.c3 d5
6.exd5 Qd8xd5
7.h3 Bc8e6
8.Nb1a3 a6
9.Na3c4 b5
10.Nc4e3  { time }
1-0

[Event "Tourn. n9822"]
[Site "www.echecsemail.com"]
[Date "2018.06.13"]
[Round "1"]
[White "Julian"]
[Black "Ditto"]
[WhiteElo "1850"]
[BlackElo "1820"]
[Result "0-1"]
[Round "1"]
1.d4 d5
2.c4 c6
3.cxd5 cxd5
4.Nb1c3 Ng8f6
5.Ng1f3 Bc8g4
6.Nf3e5 e6
7.Bc1g5 Bg4f5
8.f3 Bf8b4
9.e4 dxe4
10.fxe4 Bf5xe4
11.Qd1a4 Nb8c6
12.Bf1b5 Bb4xc3
13.bxc3 O-O
14.Ne5xc6 bxc6
15.Bb5xc6 { time. }
0-1

[Event "Tourn. n9824"]
[Site "www.echecsemail.com"]
[Date "2018.06.13"]
[Round "1"]
[White "Falcoale"]
[Black "Tonino1"]
[WhiteElo "1980"]
[BlackElo "2060"]
[Result "0-1"]
[Round "1"]
1.e4 d6
2.d4 Ng8f6
3.Nb1c3 c6
4.Ng1f3 Qd8c7
5.Bc1f4 Nb8d7
6.Bf1c4 b5
7.Bc4b3 b4
8.Nc3e2 Nf6xe4
9.Qd1d3 Ne4f6
10.O-O Qc7b6
11.Bf4d2 a5
12.Bd2e3 d5
13.Nf3e5 Bc8a6
14.Qd3d1 Qb6b5
15.Ne5d3 a4
16.c4 bxc3
17.Bb3c2 cxb2
18.Ra1b1 a3
19.Rf1e1 e6
20.Nd3f4 Bf8b4
21.Be3d2 O-O
22.Bc2a4 Qb5a5
23.Bd2xb4 Qa5xb4
24.Ba4xc6 Ra8c8
25.Bc6xd7 Nf6xd7
26.Nf4d3 Qb4c4
27.Nd3f4 Qc4xa2
28.Qd1a4 Nd7b8
29.Qa4a5 Rc8c2
30.Ne2c3 Qa2c4
31.Nf4e2 Nb8c6
32.Qa5c5 Qc4xc5
33.dxc5 Ba6xe2
34.Nc3xe2 a2
{ resign }
0-1

[Event "Tourn. n9840"]
[Site "www.echecsemail.com"]
[Date "2018.06.13"]
[Round "1"]
[White "Prize64"]
[Black "Orhany24"]
[WhiteElo "2180"]
[BlackElo "2140"]
[Result "0-1"]
[Round "1"]
1.e4 c5
2.Ng1f3 Nb8c6
3.d4 cxd4
4.Nf3xd4 d5
5.Bf1b5 Bc8d7
6.exd5 Nc6xd4
7.Bb5xd7 Qd8xd7
8.Qd1xd4 Ng8f6
9.Nb1c3 a6
10.Bc1g5 h6
11.Bg5xf6 gxf6
 { time }
0-1

[Event "Tourn. n9802"]
[Site "www.echecsemail.com"]
[Date "2018.06.13"]
[Round "1"]
[White "Fabos12"]
[Black "Malbertan"]
[WhiteElo "1870"]
[BlackElo "2000"]
[Result "1-0"]
[Round "1"]
1.d4 e6
2.c4 f5
3.Ng1f3 Ng8f6
4.Bc1g5 Bf8e7
5.Bg5xf6 Be7xf6
6.Nb1c3 O-O
7.e3 c5
8.Qd1c2 Nb8c6
9.O-O-O cxd4
10.exd4 Qd8b6
11.c5 Qb6c7
12.Nc3b5 Qc7f4
13.Kb1 a6
14.Nb5d6 Nc6xd4
15.Nf3xd4 Bf6xd4
16.f3 Qf4e5
17.b4 a5
18.Nd6c4 Qe5f6
19.Nc4b6 Ra8a7
20.b5 d6
21.Nb6a4 dxc5
22.b6 Ra7a8
23.Na4xc5 Bd4xc5
24.Qc2xc5 e5
25.Bf1c4 Bc8e6
26.Bc4xe6 Qf6xe6
27.Rd1d6 Qe6e7
28.Rh1d1 Ra8d8
29.Qc5c7 { resign }
1-0

[Event "Tourn. n9812"]
[Site "www.echecsemail.com"]
[Date "2018.06.13"]
[Round "1"]
[White "Bigrezi"]
[Black "Prize64"]
[WhiteElo "2210"]
[BlackElo "2090"]
[Result "1-0"]
[Round "1"]
1.e4 e5
2.Ng1f3 Nb8c6
3.d4 exd4
4.Nf3xd4 Bf8c5
5.Bc1e3 Qd8f6
6.c3 Ng8e7
7.Bf1b5 a6
8.Bb5c4 Nc6e5
9.Bc4e2 Bc5b6
10.f4 Bb6xd4
11.cxd4 Ne5g6
12.O-O d6
13.f5 Ng6f8
14.e5 dxe5
15.dxe5 Qf6xe5
16.Be3d4 Qe5d6
17.Bd4xg7 Qd6xd1
18.Rf1xd1  { time }
1-0

[Event "Tourn. n9837"]
[Site "www.echecsemail.com"]
[Date "2018.06.13"]
[Round "1"]
[White "Juheset"]
[Black "Bigrezi"]
[WhiteElo "2010"]
[BlackElo "2230"]
[Result "0-1"]
[Round "1"]
1.e3 d5
2.d4 Ng8f6
3.Nb1c3 e6
4.Ng1f3 Bf8d6
5.g3 O-O
6.Bf1d3 c5
7.dxc5 Bd6xc5
8.Nf3e5 Nb8c6
9.Ne5xc6 bxc6
 { time }
0-1

[Event "Fast Game"]
[Site "www.echecsemail.com"]
[Date "2018.06.13"]
[Round "1"]
[White "J1j6"]
[Black "Cybervincy"]
[WhiteElo "1599"]
[BlackElo "1599"]
[Result "0-1"]
[Round "1"]
1.e4 e6
2.d4 d5
3.e5 c5
4.c3 Nb8c6
5.Ng1f3 Qd8b6
6.Qd1d2 f6
7.exf6 Ng8xf6
8.Bf1d3 Bf8d6
9.O-O O-O
10.Qd2c2 Bc8d7
11.Nf3g5 h6
12.Ng5f3 Ra8c8
13.Bd3g6 cxd4
14.Bc1d2 e5
15.Qc2c1 e4
16.Nf3h4 Qb6c7
17.g3 Nf6g4
18.Kg2 Nc6e5
19.cxd4 Qc7b6
20.Nb1c3 Bd7b5
21.Rf1e1 Rf8xf2
22.Kh3 Rf2xh2

0-1

[Event "Tourn. n9698"]
[Site "www.chess-mail.com"]
[Date "2018.06.14"]
[Round "1"]
[White "Aniruddhadg"]
[Black "Seger"]
[WhiteElo "2420"]
[BlackElo "2760"]
[Result "0-1"]
[Round "1"]
1.c4 c5
2.g3 g6
3.Bf1g2 Nb8c6
4.Nb1c3 Bf8g7
5.Ng1f3 e6
6.h4 h6
7.e3 Ng8e7
8.d4 b6
9.O-O O-O
10.b3 d5
11.Bc1a3 Bc8a6
12.Nc3b5 Nc6b8
13.dxc5 Ba6xb5
14.cxb5 a6
15.cxb6 axb5
16.Ba3xe7 Qd8xe7
17.Nf3d4 Qe7b7
18.Nd4xb5 Bg7xa1
19.Qd1xa1 Qb7xb6
20.a4 Nb8d7
21.Rf1c1 Nd7c5
22.Qa1d4 Rf8c8
23.e4 Nc5d7
24.Rc1xc8 Ra8xc8
25.exd5 Qb6xd4
26.Nb5xd4 Rc8c1
27.Kh2 Nd7f6
28.dxe6 Nf6g4
29.Kh3 Ng4xf2
30.Kh2 Nf2g4
31.Kh3 Ng4f2
32.Kh2 fxe6
33.Nd4xe6 Kf7
34.Ne6d4 Nf2g4
35.Kh3 Ng4e3
36.Bg2f3 g5
37.g4 Kf6
38.hxg5 hxg5
39.Kg3 Rc1c5
40.Bf3b7 Rc5c3
41.Kf2 Ne3xg4
42.Ke2 Rc3c7
43.Bb7a8 Ng4e5
44.Ba8e4 Ne5d7
45.Be4c6 g4
46.Bc6b5 Ke5
47.Nd4c6 Kf4
48.Nc6d4 Ke5
49.Nd4c6 Kd6
50.Nc6d4 Nd7e5
51.Kf2 Kd5
52.Nd4e2 Rc7f7
53.Kg2 Kc5
{ resign }
0-1

[Event "Tourn. n9794"]
[Site "www.chess-mail.com"]
[Date "2018.06.14"]
[Round "1"]
[White "Paes19"]
[Black "Prize64"]
[WhiteElo "2010"]
[BlackElo "2110"]
[Result "1-0"]
[Round "1"]
1.e4 c5
2.Ng1f3 Nb8c6
3.Bf1e2 g6
4.Nb1c3 Bf8g7
5.d3 d6
6.O-O Ng8f6
7.Bc1g5 O-O
8.h3 Ra8b8
9.Ra1b1 b5
10.a3 b4
11.Bg5xf6 Bg7xf6
12.Nc3d5 Bf6g7
13.Nf3h2 bxa3
14.bxa3 Rb8xb1
15.Qd1xb1 Nc6d4
16.Rf1e1 e6
17.Nd5e3 Bc8d7
18.Qb1b7 Bd7c6
19.Qb7xa7 Qd8f6
20.Qa7c7 Bg7h6
21.Qc7xd6 Bh6f4
22.Qd6xc5 Bf4xh2
23.Kxh2 Qf6xf2
24.Qc5xd4 Qf2xe1
25.Be2f3 Qe1f2
26.c4 Rf8a8
27.Qd4c5 Bc6e8
28.Qc5g5 Ra8xa3
29.Ne3g4  { time }
1-0

[Event "Tourn. n9724"]
[Site "www.chess-mail.com"]
[Date "2018.06.14"]
[Round "1"]
[White "Stepanpech"]
[Black "Obisporey"]
[WhiteElo "2460"]
[BlackElo "2600"]
[Result "0-1"]
[Round "1"]
1.e4 c5
2.Ng1f3 e6
3.d4 cxd4
4.Nf3xd4 Ng8f6
5.Nb1c3 Nb8c6
6.Nd4b5 d6
7.Bc1f4 e5
8.Bf4g5 a6
9.Nb5a3 Bf8e7
10.Na3c4 O-O
11.Bg5xf6 Be7xf6
12.Qd1xd6 Bf6g5
13.Qd6xd8 Rf8xd8
14.h4 Bg5h6
15.Bf1d3 Ra8b8
16.Nc4b6 Bc8e6
17.Nc3d5 Kh8
18.Ra1d1 Rd8d6
19.a3 f5
20.c4 fxe4
21.Bd3xe4 Rb8f8
22.c5 Rd6d8
23.Nb6c4 Nc6d4
24.Nc4d6 a5
25.b4 axb4
26.axb4 Rd8a8
27.Nd5c7 Ra8a2
28.O-O Be6b3
29.Be4d5 Bb3xd1
30.Bd5xa2 Bd1h5
31.Nc7e6 Rf8a8
32.Ba2d5 Nd4xe6
33.Bd5xe6 Bh6d2
34.b5 Bh5e2
35.Rf1b1 { time. }
0-1

[Event "Tourn. n9821"]
[Site "www.echecsemail.com"]
[Date "2018.06.14"]
[Round "1"]
[White "Juheset"]
[Black "Malbertan"]
[WhiteElo "1969"]
[BlackElo "2010"]
[Result "0-1"]
[Round "1"]
1.e3 f5
2.Qd1h5 g6
3.Qh5f3 Ng8f6
4.c4 Bf8g7
5.d3 O-O
6.Nb1c3 e5
7.Bc1d2 d6
8.Bf1e2 Nb8c6
9.a3 Bc8e6
10.g3 d5
11.cxd5 Nf6xd5
12.Qf3g2 Nd5xc3
13.Bd2xc3 Be6d5
14.e4 fxe4
15.dxe4 Bd5e6
16.Ng1f3 Qd8d7
17.Ra1d1 Qd7e7
18.Be2b5 Be6b3
19.Rd1d2 Qe7f6
20.Bb5xc6 Qf6xc6
 { time }
0-1

[Event "Match"]
[Site "www.echecsemail.com"]
[Date "2018.06.14"]
[Round "1"]
[White "Estonia"]
[Black "Juheset"]
[WhiteElo "2000"]
[BlackElo "2059"]
[Result "1-0"]
[Round "1"]
1.d4 c5
2.Ng1f3 cxd4
3.Nf3xd4 e5
4.Nd4b3 Ng8f6
5.Bc1g5 Nb8c6
6.Nb1c3 Bf8e7
7.Bg5xf6 Be7xf6
8.e4 O-O
9.Bf1c4 a6
10.O-O b5
11.Bc4e2 Bc8b7
12.Nb3c5 Qd8b6
13.Nc5xd7 Qb6c7
14.Nd7xf8 Ra8xf8
15.Nc3d5 Qc7d8
16.c4 bxc4
17.Be2xc4 Nc6d4
18.Ra1b1 Bf6g5
19.b4 Qd8a8
20.a4 Qa8c8
21.Bc4d3  { time }
1-0

[Event "Match"]
[Site "www.echecsemail.com"]
[Date "2018.06.14"]
[Round "1"]
[White "Gidgud"]
[Black "Guidom"]
[WhiteElo "2029"]
[BlackElo "2140"]
[Result "1/2-1/2"]
[Round "1"]
1.e4 e5
2.Ng1f3 Nb8c6
3.Bf1c4 d6
4.h3 Bf8e7
5.O-O Ng8f6
6.Nb1c3 O-O
7.Bc4b3 Nc6d4
8.Nf3xd4 exd4
9.Nc3e2 c5
10.d3 b5
11.Ne2g3 a5
12.a4 b4
13.Ng3h5 Nf6xh5
14.Qd1xh5 Bc8e6
15.Bb3xe6 fxe6
16.Qh5g4 Qd8d7
17.b3 Be7f6
18.Bc1d2 Ra8d8
19.f4 e5
20.Qg4xd7 Rd8xd7
21.g4 Bf6d8
22.f5 h6
23.Kh2 Bd8h4
24.Bd2e1 Bh4xe1
25.Ra1xe1 Rd7f7
26.Kg2 Rf7f6
27.h4 g6
28.g5 hxg5
29.hxg5 Rf6f7
30.f6 Rf7h7
31.Rf1h1 Rf8f7
{ draw }
1/2-1/2

[Event "Tourn. n9846"]
[Site "www.echecsemail.com"]
[Date "2018.06.14"]
[Round "1"]
[White "Juheset"]
[Black "Bira47"]
[WhiteElo "2000"]
[BlackElo "1930"]
[Result "0-1"]
[Round "1"]
1.Ng1f3 b6
2.d3 Bc8b7
3.e4 h6
4.b3 e6
5.Bc1b2 Ng8f6
6.Nb1c3 Bf8b4
7.Bf1e2 d5
8.O-O dxe4
 { time }
0-1

[Event "Match"]
[Site "www.echecsemail.com"]
[Date "2018.06.14"]
[Round "1"]
[White "Alekpax"]
[Black "Guidom"]
[WhiteElo "1499"]
[BlackElo "2140"]
[Result "1-0"]
[Round "1"]
1.e4 e5
2.d4 exd4
3.c3 dxc3
4.Bf1c4 Qd8e7
5.Nb1xc3 Ng8f6
6.Ng1f3 d6
7.O-O Bc8g4
8.Qd1b3 b6
9.Bc1g5 c6
10.e5 dxe5
11.Nf3xe5 { resign }
1-0

[Event "Match"]
[Site "www.echecsemail.com"]
[Date "2018.06.14"]
[Round "1"]
[White "Ranjachess"]
[Black "Rindrandria"]
[WhiteElo "1870"]
[BlackElo "1740"]
[Result "0-1"]
[Round "1"]
1.d4 f5
2.Nb1c3 e6
3.a3 Qd8f6
4.g3 c5
5.d5 e5
6.e4 d6
7.Bf1g2 f4
8.Nc3b5 Nb8a6
9.Qd1d2 g5
10.Qd2a5 Bf8e7
11.Qa5c3 Bc8d7
12.Qc3d3 Ng8h6
13.Bc1d2 O-O
14.O-O-O Ra8b8
15.Nb5xa7 Na6c7
16.Qd3b3 b5
17.Na7c6 c4
18.Qb3b4 Bd7xc6
19.Qb4a5 Nc7xd5
20.exd5 Bc6e8
21.Bg2h3 g4
22.Bh3g2 Be8g6
23.h3 Qf6f5
24.Qa5c3 b4
25.Qc3xc4 Rb8c8
26.Bg2e4 Qf5f7
27.Be4xg6 Qf7xg6
28.Qc4xb4 Qg6xc2

0-1

[Event "Tourn. n9840"]
[Site "www.echecsemail.com"]
[Date "2018.06.14"]
[Round "1"]
[White "Juheset"]
[Black "Orhany24"]
[WhiteElo "2010"]
[BlackElo "2140"]
[Result "0-1"]
[Round "1"]
1.c4 d5
2.cxd5 Qd8xd5
3.Nb1c3 Qd5d8
4.e4 e5
5.Ng1f3 Bf8d6
6.d4 Bc8g4
7.Bf1c4 Ng8f6
8.dxe5 Bg4xf3
 { time }
0-1

[Event "Tourn. n9840"]
[Site "www.echecsemail.com"]
[Date "2018.06.14"]
[Round "1"]
[White "Andychesston"]
[Black "Prize64"]
[WhiteElo "2040"]
[BlackElo "2180"]
[Result "1-0"]
[Round "1"]
1.e4 c5
2.Ng1f3 Nb8c6
3.d4 cxd4
4.Nf3xd4 g6
5.b3 Bf8g7
6.Bc1b2 Qd8b6
7.c3 Ng8f6
8.Bf1d3 O-O
9.Nb1d2 d6
10.Nd2c4 Qb6d8
11.f3 a6
12.O-O  { time }
1-0

[Event "Tourn. n9832"]
[Site "www.echecsemail.com"]
[Date "2018.06.14"]
[Round "1"]
[White "Paes19"]
[Black "Malbertan"]
[WhiteElo "1910"]
[BlackElo "2030"]
[Result "1-0"]
[Round "1"]
1.e4 e5
2.Ng1f3 Nb8c6
3.a3 Ng8f6
4.Nb1c3 d5
5.d3 d4
6.Nc3e2 Bf8e7
7.h3 O-O
8.Ne2g3 Bc8d7
9.Bf1e2 Be7d6
10.O-O Nc6e7
11.Bc1g5 Ne7g6
12.c4 h6
13.Bg5xf6 Qd8xf6
14.Ng3h5 Qf6e7
15.Nf3h2 Qe7g5
16.b4 Bd7xh3
17.Nh5g3 Bh3e6
18.Ra1a2 a5
19.b5 Ng6f4
20.Be2f3 Qg5e7
21.a4 Bd6b4
22.Nh2g4 Be6xg4
23.Bf3xg4 c6
24.Ng3h5 Nf4xh5
25.Bg4xh5 Bb4c3
26.f4 cxb5
27.cxb5 Qe7e6
28.Ra2f2 g6
29.f5 gxf5
30.Rf2xf5 Kh7
31.Bh5xf7 { resign }
1-0

[Event "Tourn. n9823"]
[Site "www.echecsemail.com"]
[Date "2018.06.14"]
[Round "1"]
[White "Prize64"]
[Black "Tonino1"]
[WhiteElo "2110"]
[BlackElo "2060"]
[Result "0-1"]
[Round "1"]
1.Ng1f3 d6
2.d4 Ng8f6
3.g3 c6
4.Bf1g2 Qd8c7
5.O-O e5
6.dxe5 dxe5
7.Nb1c3 Bf8e7
8.e4 O-O
9.h3 Rf8d8
10.Qd1e2 b6
11.Bc1g5 Bc8a6
12.Qe2e3 Ba6xf1
13.Bg2xf1 Be7c5
14.Qe3e2 Nb8d7
15.Ra1d1 h6
16.Bg5e3 Bc5xe3
17.Qe2xe3 Nd7c5
18.Bf1d3 Nc5xd3
19.cxd3 Rd8d7
20.Nf3h4 Ra8d8
21.Nh4f5 a6
 { time }
0-1

[Event "Match"]
[Site "www.echecsemail.com"]
[Date "2018.06.14"]
[Round "1"]
[White "Fegatux"]
[Black "Caspito"]
[WhiteElo "2340"]
[BlackElo "1920"]
[Result "1-0"]
[Round "1"]
1.d4 g6
2.c4 Ng8f6
3.Nb1c3 Bf8g7
4.e4 d6
5.Bf1d3 O-O
6.Ng1e2 c6
7.O-O Nb8d7
8.f4 Nf6g4
9.h3 Ng4f6
10.f5 Qd8b6
11.Ra1b1 a6
12.b4 a5
13.c5 dxc5
14.bxc5 Qb6c7
15.Bc1f4 Qc7d8
16.e5 Nf6d5
17.Nc3xd5 cxd5
18.Qd1d2 a4
19.Ne2c3 b6
20.c6 Nd7b8
21.Bd3b5 Bc8xf5
22.Rb1c1 e6
23.Nc3xa4 Qd8c7
24.Qd2b4 Rf8d8
25.Bf4g5 Rd8c8
26.Bg5e7 Nb8a6
27.Bb5xa6 Ra8xa6
28.Qb4b5 Rc8a8
29.Be7d6 Ra6a5
30.Qb5xb6 Qc7xb6
31.Na4xb6 Ra8a6
32.c7 { resign }
1-0

[Event "Tourn. n9810"]
[Site "www.echecsemail.com"]
[Date "2018.06.14"]
[Round "1"]
[White "Tonino1"]
[Black "Prize64"]
[WhiteElo "1950"]
[BlackElo "2080"]
[Result "1-0"]
[Round "1"]
1.d4 Ng8f6
2.g4 Nf6xg4
3.e4 d6
4.Bf1d3 e5
5.c3 Qd8h4
6.Qd1f3 Ng4f6
7.Qf3g3 Qh4xg3
8.hxg3 Nb8c6
9.d5 Nc6d8
10.f3 g6
11.Bc1e3 Bf8g7
12.Nb1d2 a6
13.O-O-O c6
14.c4 cxd5
15.cxd5 Bc8d7
16.Kb1 O-O
17.Ng1e2 b5
18.Rd1c1 Ra8c8
19.Rc1xc8 Bd7xc8
20.Rh1c1 Bc8d7
21.Rc1c7 Rf8e8
22.g4 h6
23.Rc7a7 Bd7c8
24.Nd2b3 h5
25.gxh5 Nf6xh5
26.Be3b6 Bc8h3
27.Ra7a8  { time }
1-0

[Event "Match"]
[Site "www.echecsemail.com"]
[Date "2018.06.14"]
[Round "1"]
[White "Geodad5"]
[Black "Juheset"]
[WhiteElo "2190"]
[BlackElo "1980"]
[Result "1-0"]
[Round "1"]
1.e4 e6
2.d4 d5
3.e5 Ng8e7
4.f4 f5
5.Ng1f3 Ne7g6
6.Bf1e2 Bf8e7
7.O-O c5
8.c3 c4
9.Bc1e3  { time }
1-0

[Event "Tourn. n9846"]
[Site "www.echecsemail.com"]
[Date "2018.06.14"]
[Round "1"]
[White "Libiesse"]
[Black "Juheset"]
[WhiteElo "1970"]
[BlackElo "1990"]
[Result "1-0"]
[Round "1"]
1.d4 e6
2.c4 d5
3.Ng1f3 dxc4
4.Nb1c3 Ng8f6
5.Bc1g5 Bf8e7
6.e3 b6
7.Bf1xc4 Bc8b7
8.Bc4e2  { time }
1-0

[Event "Tourn. n9827"]
[Site "www.echecsemail.com"]
[Date "2018.06.14"]
[Round "1"]
[White "Fegatux"]
[Black "Tonino1"]
[WhiteElo "2290"]
[BlackElo "2130"]
[Result "1-0"]
[Round "1"]
1.d4 d6
2.e4 Ng8f6
3.Nb1c3 c6
4.f4 Qd8c7
5.Ng1f3 g6
6.Bf1d3 Bf8g7
7.O-O O-O
8.Qd1e1 Nb8d7
9.Qe1h4 e5
10.fxe5 dxe5
11.Nc3e2 exd4
12.Nf3xd4 Nd7e5
13.Rf1xf6 Bg7xf6
14.Qh4xf6 Ne5xd3
15.Bc1h6 Qc7e5
16.Qf6xe5 Nd3xe5
17.Bh6xf8 Kxf8
18.Ra1d1 Bc8d7
19.Nd4f3 Ne5xf3
20.gxf3 Ke7
21.c4 Bd7e6
22.b3 g5
23.Kf2 h5
24.Ke3 Ra8g8
25.Rd1g1 f6
26.Ne2d4 Be6d7
27.c5 Kf7
28.b4 Kg6
29.f4 g4
30.h4 Kf7
31.Nd4e2 Ke6
32.Ne2g3 Bd7e8
33.Rg1d1 Be8f7
34.Rd1d6 Ke7
35.Ng3f5 Ke8
36.Nf5g3 Ke7
37.e5 fxe5
38.fxe5 Rg8f8
39.Ng3f5 Ke8
40.Rd6d2 Bf7d5
41.Nf5g7 Ke7
42.Ng7xh5 Rf8f5
43.Nh5f4 Rf5xe5
44.Kf2 Bd5f7
45.Kg3 Re5e4
46.Kxg4 Re4xb4
47.Kg5 Rb4c4
48.Rd2e2 Kf8
49.Nf4d3 Rc4c3
50.Nd3e5 Rc3xc5
51.Kf6 Rc5c1
52.Ne5d7  { time }
1-0

[Event "Tourn. n9815"]
[Site "www.echecsemail.com"]
[Date "2018.06.14"]
[Round "1"]
[White "Tonino1"]
[Black "Prize64"]
[WhiteElo "2000"]
[BlackElo "2100"]
[Result "1-0"]
[Round "1"]
1.d4 c5
2.e3 cxd4
3.exd4 Ng8f6
4.Bf1d3 d6
5.f4 g6
6.Ng1f3 Bf8g7
7.O-O O-O
8.c3 Nb8c6
9.Qd1e2 Bc8g4
10.h3 Bg4xf3
11.Qe2xf3 e5
12.fxe5 dxe5
13.Bc1g5 exd4
14.Bg5xf6 Bg7xf6
15.Qf3xf6 dxc3
16.Qf6xc3 Qd8b6
17.Kh1 Ra8c8
18.Rf1f6 Nc6e5
19.Qc3xe5 Rc8c1
20.Rf6f1 Rc1xf1
21.Bd3xf1 Qb6f2
22.Nb1a3 Rf8d8
23.Ra1c1 b6
24.Na3c4 Rd8c8
25.Qe5e1  { time }
1-0

[Event "Tourn. n9786"]
[Site "www.chess-mail.com"]
[Date "2018.06.15"]
[Round "1"]
[White "Pwain"]
[Black "Drawlward"]
[WhiteElo "2570"]
[BlackElo "2550"]
[Result "1/2-1/2"]
[Round "1"]
1.e4 c5
2.c3 d5
3.exd5 Qd8xd5
4.Ng1f3 Nb8c6
5.d4 Bc8g4
6.Bf1e2 cxd4
7.cxd4 e6
8.O-O Ng8f6
9.Nb1c3 Qd5a5
10.Bc1e3 Bf8e7
11.a3 Qa5c7
12.Ra1c1 O-O
13.Qd1b3 Rf8d8
14.h3 Bg4f5
15.Nf3h4 Bf5e4
16.Nc3xe4 Nf6xe4
17.Nh4f3 Be7d6
18.Rf1d1 Ne4f6
19.Nf3e5 Nf6d5
20.Ne5xc6 bxc6
21.Qb3a4 Qc7b6
22.Rd1d2 Nd5xe3
23.Rc1xc6 Qb6b8
24.fxe3 Bd6e7
25.Qa4d1 Qb8g3
26.Be2f3 Ra8b8
27.Rc6c3 a5
28.d5 Be7f6
29.dxe6 fxe6
30.Rc3c2 Rd8f8
31.Qd1e2 Bf6e5
{ draw }
1/2-1/2

[Event "Tourn. n9787"]
[Site "www.chess-mail.com"]
[Date "2018.06.15"]
[Round "1"]
[White "Ditto"]
[Black "Libiesse"]
[WhiteElo "1790"]
[BlackElo "1820"]
[Result "1/2-1/2"]
[Round "1"]
1.e4 c5
2.Nb1c3 e6
3.Bf1b5 a6
4.Bb5e2 Nb8c6
5.d3 Ng8f6
6.Ng1f3 Qd8c7
7.Bc1g5 Bf8e7
8.O-O b5
9.Qd1c1 Bc8b7
10.Nc3b1 Ra8c8
11.c3 O-O
12.Bg5e3 d5
13.e5 Nf6d7
14.Be3f4 Rf8d8
15.d4 cxd4
16.cxd4 Nc6a5
17.Nb1c3 Na5c4
18.b3 Nc4xe5
19.dxe5 Qc7xc3
20.Qc1b1 Be7a3
21.Qb1d3 Qc3xd3
22.Be2xd3 Rc8c3
23.Rf1d1 Rd8c8
24.Nf3g5 h6
25.Ng5f3 g5
26.Bf4e3 g4
27.Be3d4 Rc3c1
28.Nf3d2 Rc1xd1
29.Ra1xd1 Kg7
30.Nd2f1 Nd7c5
31.Bd3e2 Nc5e4
32.Be2xg4 Rc8c1
33.h3 Rc1xd1
34.Bg4xd1 Ba3b4
35.f3 Ne4c3
36.Bd4xc3 Bb4xc3
37.f4 d4
38.Bd1c2 f6
{ draw }
1/2-1/2

[Event "Tourn. n9783"]
[Site "www.chess-mail.com"]
[Date "2018.06.15"]
[Round "1"]
[White "Luizassis"]
[Black "Hansen"]
[WhiteElo "1350"]
[BlackElo "1480"]
[Result "0-1"]
[Round "1"]
1.e4 d5
2.exd5 Qd8xd5
3.Nb1c3 Qd5e5
4.Bf1e2 e6
5.Ng1f3 Qe5c5
6.d4 Qc5f5
7.Qd1d3 Qf5f6
8.Bc1g5 Qf6f5
9.Qd3xf5 exf5
10.O-O f6
11.Bg5f4 Nb8c6
12.Nc3d5 Kd7
13.Nd5xc7 Ra8b8
14.Be2b5 Bf8d6
15.Bf4xd6 Kxd6
16.Nc7e8 Kd5
17.Bb5xc6 bxc6
18.Ne8xg7 Rb8xb2
19.Ng7xf5 Bc8xf5
20.c3 Ng8e7
21.Rf1e1 Ne7g6
22.Nf3d2 Rb2xd2
23.a4 Kc4
24.Ra1a3 Rh8g8
25.f3 Ng6f4
 { time }
0-1

[Event "Tourn. n9789"]
[Site "www.chess-mail.com"]
[Date "2018.06.15"]
[Round "1"]
[White "Osopanda"]
[Black "Bojan"]
[WhiteElo "1870"]
[BlackElo "1980"]
[Result "0-1"]
[Round "1"]
1.e4 g6
2.d4 Bf8g7
3.f4 d5
4.Nb1c3 dxe4
5.Nc3xe4 Qd8xd4
6.Qd1xd4 Bg7xd4
7.Ng1f3 Bd4g7
8.c3 a6
9.Bf1c4 f6
10.Bc1e3 Bc8f5
11.Ne4g3 Bf5d7
12.O-O Ng8h6
13.Rf1e1 Nb8c6
14.f5 Nh6xf5
15.Ng3xf5 Bd7xf5
16.Be3c5 Ra8d8
17.Ra1d1 Rd8xd1
18.Re1xd1 Nc6a5
19.Bc4d5 e6
20.Bd5b3 Na5xb3
21.axb3 Bf5c2
22.Rd1d2 Bc2xb3
23.Nf3d4 Bb3d5
24.Rd2e2 Kd7
25.Bc5a3 b6
26.Kf2 e5
27.Nd4f3 c5
28.Re2d2 Kc6
29.Nf3e1 e4
30.Ne1c2 Rh8e8
31.Nc2e3 Bd5b3
32.c4 b5
33.cxb5 axb5
34.g4 b4
35.Ba3xb4 cxb4
36.Ke2 Bg7h6
37.Rd2d4 Kc5
38.Rd4d7 Bh6xe3
39.Kxe3 Bb3e6
 { time }
0-1

[Event "Tourn. n9810"]
[Site "www.echecsemail.com"]
[Date "2018.06.15"]
[Round "1"]
[White "Welberth"]
[Black "Tonino1"]
[WhiteElo "2000"]
[BlackElo "1950"]
[Result "1-0"]
[Round "1"]
1.e4 d6
2.d4 Ng8f6
3.Nb1c3 c6
4.Bf1d3 Qd8c7
5.Ng1e2 e5
6.O-O Bf8e7
7.f4 exd4
8.Ne2xd4 O-O
9.Qd1e1 Nb8d7
10.Nd4f5 Rf8e8
11.Qe1g3 g6
12.Bc1e3 Nd7c5
13.Be3xc5 dxc5
14.e5 Nf6h5
15.Nf5xe7 Qc7xe7
16.Qg3f3 Qe7h4
17.f5 g5
18.Ra1e1 Qh4d4
19.Kh1 Nh5f4
20.Re1e4 Qd4d7
21.Re4xf4 gxf4
22.Nc3e4 Qd7d8
23.Ne4f6 Kf8
24.Nf6xe8 Qd8xe8
25.Qf3xf4 Qe8d7
26.e6 Qd7d4
27.Qf4c7 Qd4f6
28.Rf1e1 Qf6e7
29.Qc7e5 f6
30.Qe5e4 a5
31.a4 Ra8a7
32.Re1e3 b6
33.Qe4xc6 Bc8b7
34.Qc6xb6 h5
35.Qb6xa7 Bb7xg2
36.Kxg2 Qe7xa7
37.e7  { time }
1-0

[Event "Match"]
[Site "www.echecsemail.com"]
[Date "2018.06.15"]
[Round "1"]
[White "Storzman"]
[Black "Dussek"]
[WhiteElo "1579"]
[BlackElo "1770"]
[Result "1-0"]
[Round "1"]
1.Ng1f3 d5
2.d4 Ng8f6
3.e3 e6
4.Bf1d3 Bf8d6
5.Nf3e5 O-O
6.Nb1d2 c5
7.b3 Nb8d7
8.Bc1b2 a6
9.O-O Nf6e4
10.Nd2xe4 dxe4
11.Bd3xe4 Nd7xe5
12.dxe5 Bd6c7
13.Qd1h5 g6
14.Qh5h6 Ra8b8
15.f4 Kh8
16.Rf1f3 Rf8g8
17.Bb2c3 Qd8f8
18.Rf3h3 Qf8xh6
19.Rh3xh6 Bc8d7
20.Ra1f1 b5
21.b4 c4
22.Bc3e1 Bc7b6
23.Rf1f3 Kg7
24.Rf3h3 Rg8h8
25.c3 Rb8d8
26.Be1h4 Rd8c8
27.Bh4f6 { resign }
1-0